000 00761nam a2200265Ia 4500
003 OSt
005 20220925232126.0
006 a|||||r|||| 00| 0
007 ta
008 220923b |||||||| |||| 00| 0 eng d
037 _cGeneral Book
040 _aRTL
_cRTL
_beng
041 _2eng
_aeng
082 _aV6.N7, L1
100 _aDavidson Basil
245 0 _aWhich way Africa
_b The search for a new society
250 _a3
260 _aMiddlesex
_bPenguin Books UK
_c1971
300 _a270p.
_ccm.
490 _aPenguin African Library. Ed by Ronald Segal
500 _aBibliography: p.241-249; Index251-70
650 _aAfrica History
_920294
942 _hV6.N7, L1
_cGB
_2CC
999 _c590395
_d590395